| 000 | 00585cam a2200229ua 4500 | ||
|---|---|---|---|
| 020 |
_a0 85226 519 0 _c160.00 |
||
| 041 |
_aeng _h |
||
| 082 |
_a671.53 _bJUN/FU |
||
| 100 | _aJuneja, B.L . | ||
| 245 |
_aFundamentals of metal cutting and machine tools / _cB.L.Juneja. _hTextual Documents |
||
| 250 |
_a1 / _b. |
||
| 260 |
_a : _bNew Age International Ltd , _c2000. |
||
| 300 | _a462 ; . | ||
| 365 | _a160.00 | ||
| 504 | _a | ||
| 700 | 1 | _aSekhon, G.S . | |
| 942 | _cBK | ||
| 999 |
_c2432 _d2432 |
||